Almost Mediterranean Countries - Statistics

General Stats
  • This quiz has been taken 156 times
    152 since last reset
  • The average score is 24 of 28
Answer Stats
Answer % Correct
Andorra
92%
Chad
92%
Iraq
92%
Serbia
92%
Sudan
92%
Switzerland
92%
Austria
91%
Jordan
91%
Armenia
90%
Bulgaria
90%
Belgium
89%
Germany
89%
Vatican City
89%
Azerbaijan
88%
Georgia
88%
Hungary
88%
Luxembourg
88%
Portugal
88%
San Marino
88%
Iran
87%
Mauritania
87%
Niger
87%
Kosovo
86%
Mali
86%
Macedonia
85%
Brazil
68%
Netherlands
68%
Suriname
68%
No matching quizzes found
Score Distribution
Percent of People with Each Score
Percentile by Number Answered
Your Score History
You have not taken this quiz since the last reset